[Event "Richmond Keres Memorial 39th"]
[Site "Richmond"]
[Date "2014.05.17"]
[Round "2.8"]
[White "Escandor, Manuel Omana"]
[Black "Erichsen, Dan"]
[Result "1/2-1/2"]
[WhiteElo "1820"]
[BlackElo "2108"]
[PlyCount "92"]
[EventDate "2014.05.17"]
[EventType "swiss"]
[EventRounds "6"]
[EventCountry "CAN"]
[SourceTitle "EXT 2022"]
[Source "ChessBase"]
[SourceDate "2021.10.06"]
[SourceVersion "1"]
[SourceVersionDate "2021.10.06"]
[SourceQuality "1"]

1. e4 e5 2. Nf3 Nc6 3. d4 exd4 4. Nxd4 Nf6 5. Nxc6 bxc6 6. Bd3 d5 7. Qe2 Bg4 8. f3 Be6 9. 0-0 dxe4 10. Bxe4 Nxe4 11. Qxe4 Qd5 12. Nc3 Bc5+ 13. Kh1 Qxe4 14. Nxe4 Bb6 15. b3 0-0 16. Bf4 Bd5 17. Nc3 Bd4 18. Nxd5 cxd5 19. Rad1 c5 20. c3 Bxc3 21. Rxd5 Bd4 22. Be5 Rad8 23. Rxd8 Rxd8 24. Rd1 f6 25. Bxd4 cxd4 26. Kg1 Kf7 27. Kf2 Ke6 28. Ke2 g5 29. Kd3 h5 30. Rc1 Rd5 31. Rc6+ Ke5 32. Ra6 Rd7 33. g3 h4 34. Ra5+ Ke6 35. gxh4 gxh4 36. Rh5 Rc7 37. Kxd4 Rc2 38. Rxh4 Rxa2 39. Re4+ Kf5 40. h4 Rb2 41. Kc3 Rf2 42. Ra4 Rxf3+ 43. Kb2 Rf4 44. Ra5+ Kg4 45. h5 Rf5 46. Rxa7 Rxh5 1/2-1/2

[Event "CAN-ch op 49th"]
[Site "Victoria"]
[Date "2012.07.13"]
[Round "9"]
[White "Ozkan, Charlie"]
[Black "Erichsen, Dan"]
[Result "1/2-1/2"]
[WhiteElo "1967"]
[BlackElo "2123"]
[PlyCount "41"]
[EventDate "2012.07.08"]
[EventType "swiss"]
[EventRounds "9"]
[EventCountry "CAN"]
[SourceTitle "CBM 149 Extra"]
[Source "ChessBase"]
[SourceDate "2012.08.24"]
[SourceVersion "1"]
[SourceVersionDate "2012.08.24"]
[SourceQuality "1"]

1. Nf3 d5 2. g3 c6 3. Bg2 Nf6 4. d4 Bg4 5. Ne5 Bf5 6. Nd2 e6 7. 0-0 Nbd7 8. Nd3 Bd6 9. c4 0-0 10. c5 Bc7 11. Nf3 Be4 12. Bf4 Bxf4 13. gxf4 Ng4 14. e3 Nh6 15. Kh1 Qc7 16. Nh4 Bxg2+ 17. Nxg2 f6 18. Qh5 e5 19. f5 Qc8 20. Rg1 Qe8 21. Qh3 1/2-1/2

[Event "Gibraltar Masters 6th"]
[Site "Gibraltar"]
[Date "2008.01.28"]
[Round "7"]
[White "Larsson, Daniel"]
[Black "Erichsen, Dan"]
[Result "1/2-1/2"]
[WhiteElo "2003"]
[BlackElo "2169"]
[PlyCount "61"]
[EventDate "2008.01.22"]
[EventType "swiss"]
[EventRounds "10"]
[EventCountry "ENG"]
[SourceTitle "CBM 122 Extra"]
[Source "ChessBase"]
[SourceDate "2008.03.04"]
[SourceVersion "1"]
[SourceVersionDate "2008.03.04"]
[SourceQuality "1"]

1. e4 e5 2. Nf3 Nc6 3. Bc4 Nf6 4. d3 Be7 5. c3 0-0 6. 0-0 d6 7. Bb3 Na5 8. Bc2 c5 9. Re1 Nc6 10. Nbd2 Qb6 11. Nf1 Re8 12. Ne3 Bf8 13. d4 Ne7 14. d5 g6 15. Nxe5 dxe5 16. d6 Qd8 17. dxe7 Bxe7 18. Nd5 Nxd5 19. exd5 Bd6 20. Ba4 Bd7 21. Bxd7 Qxd7 22. c4 b5 23. b3 Rab8 24. Qc2 bxc4 25. bxc4 Rb4 26. Bh6 Qa4 27. Qd2 Rxc4 28. Qg5 Bf8 29. Bxf8 Kxf8 30. Rxe5 Rd4 31. Rxe8+ 1/2-1/2

[Event "Gibraltar Masters 6th"]
[Site "Gibraltar"]
[Date "2008.01.24"]
[Round "3"]
[White "Gurevich, Mikhail"]
[Black "Erichsen, Dan"]
[Result "1-0"]
[WhiteElo "2607"]
[BlackElo "2169"]
[PlyCount "101"]
[EventDate "2008.01.22"]
[EventType "swiss"]
[EventRounds "10"]
[EventCountry "ENG"]
[SourceTitle "CBM 122 Extra"]
[Source "ChessBase"]
[SourceDate "2008.03.04"]
[SourceVersion "1"]
[SourceVersionDate "2008.03.04"]
[SourceQuality "1"]

1. c4 c6 2. Nf3 d5 3. d4 Nf6 4. Qc2 dxc4 5. Qxc4 Bf5 6. Nc3 e6 7. g3 Nbd7 8. Bg2 Be7 9. 0-0 0-0 10. Re1 Bg6 11. e4 b5 12. Qxc6 b4 13. e5 bxc3 14. exf6 cxb2 15. fxe7 bxa1Q 16. exd8Q Raxd8 17. Bg5 Qb2 18. Bxd8 Rxd8 19. d5 Nf8 20. Ne5 Qd2 21. Qc1 Qxc1 22. Rxc1 exd5 23. Nc6 Rd7 24. Bxd5 h6 25. Rc5 Ne6 26. Ra5 Kh7 27. h4 Nc7 28. Bb3 a6 29. Ne5 Rd6 30. Nxf7 Rb6 31. h5 Bd3 32. Rc5 Ne6 33. Rc8 g6 34. Ne5 Bf5 35. g4 Bb1 36. Nd7 Rxb3 37. axb3 gxh5 38. gxh5 Nf4 39. Rc7 Nxh5 40. Nf6+ Kg6 41. Nxh5 Kxh5 42. Rc5+ Kg4 43. Rc6 Bd3 44. Rxh6 Be2 45. Re6 Bd3 46. Kg2 Kf4 47. f3 Bb5 48. Re4+ Kf5 49. Kg3 Bd3 50. Re3 Bb5 51. f4 1-0

[Event "Keres Memorial 32nd"]
[Site "Vancouver"]
[Date "2007.05.19"]
[Round "3"]
[White "Jiganchine, Roman"]
[Black "Erichsen, Dan"]
[Result "1/2-1/2"]
[WhiteElo "2221"]
[BlackElo "2173"]
[PlyCount "91"]
[EventDate "2007.05.18"]
[EventType "swiss"]
[EventRounds "7"]
[EventCountry "CAN"]
[SourceTitle "EXT 2008"]
[Source "ChessBase"]
[SourceDate "2007.11.25"]
[SourceVersion "1"]
[SourceVersionDate "2007.11.25"]
[SourceQuality "1"]

1. e4 e6 2. d4 d5 3. Nd2 Nf6 4. e5 Nfd7 5. Bd3 c5 6. c3 Nc6 7. Ngf3 cxd4 8. cxd4 f6 9. Ng5 Ndxe5 10. dxe5 fxg5 11. Qh5+ Kd7 12. Nf3 Be7 13. 0-0 g6 14. Qg4 Ke8 15. Re1 Qb6 16. Nxg5 Qb4 17. Qd1 Bc5 18. Nf3 Qb6 19. Re2 Rf8 20. Bg5 Bd7 21. Rc1 Be7 22. Bxe7 Nxe7 23. Ng5 h6 24. Nh7 Rf7 25. Nf6+ Kd8 26. Qd2 g5 27. Ng4 Ng8 28. Nxh6 Rg7 29. Nxg8 Rxg8 30. Re3 Qd4 31. Qa5+ b6 32. Qa3 Qf4 33. Rc2 g4 34. Qd6 Qf7 35. Ba6 Ke8 36. Bb7 Rd8 37. Bxd5 Qe7 38. Qxe7+ Kxe7 39. Bb3 a5 40. Rc7 Ke8 41. Rd3 b5 42. a4 Rg5 43. h3 gxh3 44. Rxh3 Rxe5 45. axb5 Ke7 46. Re3 1/2-1/2

[Event "Pardubice op-B2"]
[Site "Pardubice"]
[Date "2006.07.21"]
[Round "1"]
[White "Erichsen, Dan"]
[Black "Sevastianova, Marya"]
[Result "1-0"]
[WhiteElo "2176"]
[BlackElo "1892"]
[PlyCount "67"]
[EventDate "2006.07.21"]
[EventType "swiss"]
[EventRounds "9"]
[EventCountry "CZE"]
[SourceTitle "CBM 113 Extra"]
[Source "ChessBase"]
[SourceDate "2006.09.14"]
[SourceVersion "1"]
[SourceVersionDate "2006.09.14"]
[SourceQuality "1"]

1. e4 c5 2. Nf3 d6 3. d4 cxd4 4. Nxd4 Nf6 5. Nc3 g6 6. Be3 Nc6 7. f3 Bg7 8. Qd2 0-0 9. Bc4 Bd7 10. 0-0-0 Rc8 11. Bb3 Na5 12. Kb1 Nxb3 13. cxb3 a6 14. g4 b5 15. g5 Nh5 16. f4 b4 17. Nd5 a5 18. Ne2 Rc6 19. Bd4 Bg4 20. Bxg7 Nxg7 21. Nd4 Rc5 22. Rc1 Nh5 23. Nc6 Rxc6 24. Rxc6 Bd7 25. Rcc1 f6 26. Rhd1 Be6 27. gxf6 exf6 28. f5 Bf7 29. Nf4 g5 30. Ne6 Bxe6 31. fxe6 Qa8 32. Qd5 Nf4 33. Qc4 Re8 34. Rxd6 1-0

[Event "Politiken Cup 27th"]
[Site "Copenhagen"]
[Date "2005.07.21"]
[Round "7"]
[White "Erichsen, Dan"]
[Black "Pedersen, Christian Kyndel"]
[Result "0-1"]
[WhiteElo "2167"]
[BlackElo "2364"]
[PlyCount "148"]
[EventDate "2005.07.16"]
[EventType "swiss"]
[EventRounds "10"]
[EventCountry "DEN"]
[SourceTitle "CBM 107 Extra"]
[Source "ChessBase"]
[SourceDate "2005.09.01"]
[SourceVersion "1"]
[SourceVersionDate "2005.09.01"]
[SourceQuality "1"]

1. d4 Nf6 2. Bg5 e6 3. e4 h6 4. Bxf6 Qxf6 5. Nc3 d6 6. Qd2 Nc6 7. 0-0-0 g5 8. d5 Ne5 9. Nb5 Qd8 10. h4 a6 11. Nd4 Bg7 12. hxg5 hxg5 13. Rxh8+ Bxh8 14. dxe6 Bxe6 15. Nxe6 fxe6 16. Be2 Qf6 17. Bh5+ Kd7 18. c3 Nc4 19. Qe2 b5 20. Kb1 Rg8 21. Nf3 g4 22. Nd4 Ne5 23. f3 gxf3 24. Bxf3 Rb8 25. a3 Bg7 26. Bg4 Nxg4 27. Qxg4 Re8 28. Qe2 Qg6 29. Nxb5 axb5 30. Qxb5+ Ke7 31. Qb7 Rd8 32. Qxc7+ Rd7 33. Qc4 Qxg2 34. Re1 Rb7 35. Re2 Qf1+ 36. Ka2 Be5 37. a4 Ra7 38. Kb3 Qd1+ 39. Ka3 Qa1+ 40. Kb3 Qd1+ 41. Ka3 Rxa4+ 42. Qxa4 Qxe2 43. Qa7+ Kf6 44. Qh7 Qa6+ 45. Kb3 Qb5+ 46. Kc2 Qa4+ 47. Kb1 Qc4 48. Qh4+ Kf7 49. Qh5+ Ke7 50. Qf3 Qb3 51. Qd3 Kd7 52. Kc1 Kc7 53. Kb1 Kb6 54. Qe3+ Kb5 55. Qa7 Qd1+ 56. Ka2 Qa4+ 57. Qxa4+ Kxa4 58. b3+ Kb5 59. Kb2 Bg3 60. Kc2 Be1 61. Kd3 Kc5 62. Kc2 d5 63. exd5 Kxd5 64. Kd3 e5 65. c4+ Kc5 66. Ke3 Bb4 67. Kd3 Kd6 68. Ke3 Ke7 69. Kd3 Kf6 70. Ke4 Ke6 71. Kf3 Kf5 72. Ke3 Bc5+ 73. Kf3 e4+ 74. Kg3 Ke5 0-1